<?xml version="1.0" encoding="UTF-8"?>
<record
    xmlns:xsi="http://www.w3.org/2001/XMLSchema-instance"
    xsi:schemaLocation="http://www.loc.gov/MARC21/slim http://www.loc.gov/standards/marcxml/schema/MARC21slim.xsd"
    xmlns="http://www.loc.gov/MARC21/slim">

  <leader>00935nam a22002177a 4500</leader>
  <controlfield tag="005">20171201111147.0</controlfield>
  <datafield tag="010" ind1=" " ind2=" ">
    <subfield code="a">UR-9943 </subfield>
  </datafield>
  <datafield tag="020" ind1="6" ind2=" ">
    <subfield code="c">150.00</subfield>
  </datafield>
  <datafield tag="035" ind1=" " ind2=" ">
    <subfield code="a">U-8498</subfield>
  </datafield>
  <datafield tag="037" ind1=" " ind2=" ">
    <subfield code="b">DBAD/PUB</subfield>
  </datafield>
  <datafield tag="082" ind1=" " ind2=" ">
    <subfield code="a">840.3</subfield>
  </datafield>
  <datafield tag="100" ind1=" " ind2=" ">
    <subfield code="a">&#x639;&#x628;&#x62F; &#x627; &#x644;&#x642;&#x627; &#x62F; &#x631; &#x63A;&#x6CC;&#x627; &#x62B; &#x627; &#x644;&#x62F; &#x6CC;&#x646; &#x641;&#x627; &#x631; &#x648; &#x642;&#x6CC;    </subfield>
  </datafield>
  <datafield tag="245" ind1=" " ind2=" ">
    <subfield code="a"> &#x627; &#x645;&#x631; &#x6CC;&#x6A9;&#x6C1; &#x645;&#x6CC;&#x6BA; &#x627; &#x646;&#x648; &#x627; &#x631;  &#x627; &#x631; &#x62F; &#x648; &#x627; &#x62F; &#x628; </subfield>
    <subfield code="c">&#x639;&#x628;&#x62F; &#x627; &#x644;&#x642;&#x627; &#x62F; &#x631; &#x63A;&#x6CC;&#x627; &#x62B; &#x627; &#x644;&#x62F; &#x6CC;&#x646; &#x641;&#x627; &#x631; &#x648; &#x642;&#x6CC;</subfield>
  </datafield>
  <datafield tag="246" ind1=" " ind2=" ">
    <subfield code="b">                                                                                                                                       </subfield>
    <subfield code="a">America mein Anwar-e-Urdu Adab</subfield>
  </datafield>
  <datafield tag="250" ind1=" " ind2=" ">
    <subfield code="a">by Abdul Qadeer Ghyasudeen Farooqui</subfield>
  </datafield>
  <datafield tag="260" ind1=" " ind2=" ">
    <subfield code="a">Karnataka         </subfield>
    <subfield code="b">Sakafia Edu. Trust</subfield>
    <subfield code="c">2008</subfield>
  </datafield>
  <datafield tag="270" ind1=" " ind2=" ">
    <subfield code="a">Beside Kali Masjid J.M. Rd. </subfield>
    <subfield code="b">Bija Pur</subfield>
    <subfield code="e">560006</subfield>
    <subfield code="k">9844158731</subfield>
    <subfield code="l">-</subfield>
  </datafield>
  <datafield tag="300" ind1=" " ind2=" ">
    <subfield code="a">267&#x635;</subfield>
    <subfield code="c">22 Cm.(B.b)     </subfield>
  </datafield>
  <datafield tag="500" ind1=" " ind2=" ">
    <subfield code="a">&#x62F;&#x648; &#x62D;&#x635;&#x6C1;</subfield>
  </datafield>
  <datafield tag="942" ind1=" " ind2=" ">
    <subfield code="2">ddc</subfield>
    <subfield code="c">UR</subfield>
    <subfield code="h">840.3</subfield>
    <subfield code="m"> &#x639; &#x644; &#x6CC; </subfield>
    <subfield code="e"> </subfield>
  </datafield>
  <datafield tag="999" ind1=" " ind2=" ">
    <subfield code="c">147541</subfield>
    <subfield code="d">147541</subfield>
  </datafield>
  <datafield tag="952" ind1=" " ind2=" ">
    <subfield code="0">0</subfield>
    <subfield code="1">0</subfield>
    <subfield code="4">0</subfield>
    <subfield code="7">1</subfield>
    <subfield code="8">NFIC</subfield>
    <subfield code="a">DBAD</subfield>
    <subfield code="b">DBAD</subfield>
    <subfield code="d">2017-11-17</subfield>
    <subfield code="e">DBAD/PUB.</subfield>
    <subfield code="g">150.00</subfield>
    <subfield code="l">0</subfield>
    <subfield code="o">840.3  &#x639; &#x644; &#x6CC;</subfield>
    <subfield code="p">U-8498</subfield>
    <subfield code="r">2017-11-17 00:00:00</subfield>
    <subfield code="t">1</subfield>
    <subfield code="v">150.00</subfield>
    <subfield code="w">2017-11-17</subfield>
    <subfield code="y">UR</subfield>
  </datafield>
</record>
